000 00405nam a22001097a 4500
082 _a800/GRU
100 _a सुरूचि प्रकाशन
_983636
245 _aश्री गुरूजी समग्र ( प्रबोधन ) खण्‍ड 3
260 _a नई दिल्‍ली
_b सुरूचि प्रकाशन 2005
650 _aरचनावली
942 _cHIN
999 _c68580
_d68580